LEADER 01893nam 2200649Ia 450 001 9910458480903321 005 20200520144314.0 010 $a1-299-05234-7 010 $a1-60344-450-5 035 $a(CKB)2560000000053156 035 $a(OCoLC)607898020 035 $a(CaPaEBR)ebrary10436031 035 $a(SSID)ssj0000483363 035 $a(PQKBManifestationID)11303498 035 $a(PQKBTitleCode)TC0000483363 035 $a(PQKBWorkID)10547244 035 $a(PQKB)11574373 035 $a(MiAaPQ)EBC3037853 035 $a(MdBmJHUP)muse1048 035 $a(Au-PeEL)EBL3037853 035 $a(CaPaEBR)ebr10436031 035 $a(CaONFJC)MIL436484 035 $a(EXLCZ)992560000000053156 100 $a20070503d2007 ub 0 101 0 $aeng 135 $aurcn||||||||| 181 $ctxt 182 $cc 183 $acr 200 10$aClaytie$b[electronic resource] $ethe roller-coaster life of a Texas Wildcatter /$fby Mike Cochran 205 $a1st ed. 210 $aCollege Station $cTexas A & M University Press$dc2007 215 $a1 online resource (446 p.) 300 $aIncludes index. 311 $a1-58544-634-3 606 $aOil industry workers$zTexas$vBiography 606 $aPolitical candidates$zTexas$vBiography 606 $aBusinesspeople$zTexas$vBiography 606 $aOil well drilling$zTexas 606 $aGovernors$zTexas$xElection 607 $aTexas$vBiography 608 $aElectronic books. 615 0$aOil industry workers 615 0$aPolitical candidates 615 0$aBusinesspeople 615 0$aOil well drilling 615 0$aGovernors$xElection. 676 $a976.4/063092 676 $aB 700 $aCochran$b Mike$0917205 801 0$bMiAaPQ 801 1$bMiAaPQ 801 2$bMiAaPQ 906 $aBOOK 912 $a9910458480903321 996 $aClaytie$92056255 997 $aUNINA LEADER 02724nam 2200553 450 001 9910824030203321 005 20230126205350.0 010 $a1-78441-088-8 035 $a(CKB)2550000001265983 035 $a(EBL)1674956 035 $a(SSID)ssj0001217387 035 $a(PQKBManifestationID)11689565 035 $a(PQKBTitleCode)TC0001217387 035 $a(PQKBWorkID)11203715 035 $a(PQKB)10086253 035 $a(MiAaPQ)EBC1674956 035 $a(EXLCZ)992550000001265983 100 $a20140426h20142014 uy 0 101 0 $aeng 135 $aur|n|---||||| 181 $ctxt 182 $cc 183 $acr 200 00$aAdvancing branding research $ea qualitative agenda /$fguest editors Professor T. C. Melewar and Professor Bill Merrilees 210 1$a[West Yorkshire, England] :$cEmerald Group Publishing Limited,$d2014. 210 4$dİ2014 215 $a1 online resource (80 p.) 225 0 $aQualitative Market Research : An International Journal,$x1352-2752 ;$vVolume 17, Number 2 300 $aDescription based upon print version of record. 311 $a1-78441-087-X 311 $a1-306-58392-6 320 $aIncludes bibliographical references. 327 $aCover; Editorial advisory and review board; Guest editorial; Brand-building and the elements of success: discoveries using historical analyses; Interpretative narrative process research approach to corporate renaming; Brand meaning gaps and dynamics: theory, research, and practice; Contextualising brand consumption experiences: a multi-modal enabling technique 330 $aThe papers in this ebook provide cutting-edge empirical studies in the domain of qualitative market research, applied to branding research. One aspect of the potential richness of qualitative research is the diversity of approaches to it. These articles present four diverse ways to conduct qualitative research in branding. The different research methodologies are themselves instructive for future branding research and also also reflect the benefit of using qualitative research to investigate difficult and complex aspects of branding research, which increasingly is inherent in the nature of bra 410 0$aQualitative Market Research: An International Journal: Volume 17, Issue 2 606 $aQualitative research$zEngland 606 $aSocial sciences$xResearch 615 0$aQualitative research 615 0$aSocial sciences$xResearch. 676 $a610.72 702 $aMelewar$b T. C. 702 $aMerrilees$b Bill 801 0$bMiAaPQ 801 1$bMiAaPQ 801 2$bMiAaPQ 906 $aBOOK 912 $a9910824030203321 996 $aAdvancing branding research$94036123 997 $aUNINA